| 000 | 00909nac a22002777a 4500 | ||
|---|---|---|---|
| 001 | BR9300697 | ||
| 003 | BR-BrBNA | ||
| 005 | 20240105121356.0 | ||
| 008 | 230509b bl.|||m| |||| 00| 0 por d | ||
| 040 |
_aBR-BrBNA _bpor _cBiblioteca Nacional de Agricultura |
||
| 072 | _aP33 | ||
| 090 | _a1160 BR9300697 | ||
| 100 | 1 | _aRamos, A.D. | |
| 110 | 1 |
_aCentro Nacional de Pesquisa de Caju, Fortaleza, CE (Brasil) _91758 |
|
| 245 | 1 | _aSolos cultivados com cajueiro no Ceara e areas potenciais para a cultura | |
| 260 | 3 |
_aFortaleza, CE (Brasil): _c1992. |
|
| 300 | _a32 p. | ||
| 490 |
_aBoletim de Pesquisa - Centro Nacional de Pesquisa de Caju (Brazil) _vno. 5 _xISSN 0103-6424 |
||
| 500 | _a11 ref.; 5 tables; Summary (Pt) | ||
| 650 | _aCaju | ||
| 650 | _aSolo | ||
| 650 | _aPropriedade Fisico-Quimica | ||
| 650 | _aCeara | ||
| 909 |
_a202312 _bLúcia Elande _c55 _dLúcia Elande |
||
| 942 |
_2AGRIS _n0 _cMS |
||
| 999 |
_c284947 _d284947 |
||